Responses for show #1037 - Tuesday, February 21, 1989

Contestants

Raisa Deber, a teacher from Toronto, Ontario

Dave Stiles, a manager originally from Youngstown, Pennsylvania

Tyler Ochoa, an attorney originally from La Mesa, California (whose 2-day cash winnings total $26,900)

Jeopardy! Round responses

HITS OF THE '80s
NATIONAL SYMBOLS
NEW WORDS
THE HUMAN BODY
FOOD FACTS
(Alex: And finally, a new category for us...)
HORSING AROUND
    $100 10
(Tyler: What is "Let's Get [*]?)
(Alex: [*], right.)

"Physical"

Tyler
    $100 18
Uncle Sam

Dave
    $100 4
(Dave: What is bad?)
---
(Alex: [*], for radical.)

rad

DaveRaisa
    $100 1
(Alex: Bpm, beats per minute.)

the heartbeat rate

Tyler
    $100 8
potato

Raisa
    $100 23
Lou Gehrig

Tyler
    $200 13
Air Supply

Triple Stumper
    $200 19
the Scandinavian countries

Tyler
    $200 5
fast forwarding through the commercials

Tyler
    $200 2
2

Tyler
    $200 9
a mushroom

Dave
    $200 25
Tom Mix

Dave
    $300 14
Yes

Raisa
    $300 20
Marianne

Tyler
    $300 11
not in my backyard

Tyler
    $300 3
(Tyler: What are vertebrae?)

ribs

TylerDave
    $300 15
a brisket

Raisa
    $300 26
(Dave: What is Horse Feathers?)

A Day at the Races

Dave
Triple Stumper
    $400 29
(Alex: The other one was "Private Eyes" by Hall & Oates.)

"Bette Davis Eyes" (or "Private Eyes")

Raisa
    $400 21
John Bull

Raisa
    $400 12
greenmail

Dave
    $400 6
rods & cones

Raisa
    $400 16
kidney beans

Raisa
    $400 27
the horse latitudes

Dave
    $400 30
(Alex: Beverly Hills Cop 2, the fellow who played that, [*]. It wasn't in that movie by the way, but that was his one big hit song.)

Eddie Murphy

Raisa
    $500 22
the menorah

Triple Stumper
    $500 24
viruses

Tyler
    $500 7
(Tyler: What is 24 dollars?)
---
(Alex: The correct response is [*], [*] baby teeth.)

20

Tyler
Triple Stumper
    $500 17
fajitas

Tyler
    $500 28
a horse of a different color

Dave

Scores at the first commercial break (after clue 14):

Tyler Dave Raisa
$100 $800 $900

Scores at the end of the Jeopardy! Round:

Tyler Dave Raisa
$1,700 $1,700 $2,000

Double Jeopardy! Round responses

AMERICAN INDIANS
LIBRARIES
EUROPE
BUSINESS & INDUSTRY
ACTRESSES
PSYCH 101
    $200 23
the mother-in-law

Raisa
    $200 9
Dewey

Raisa
    $200 4
(Alex: That's right, currency.)

spend it

Dave
    $200 2
3M

Dave
    $200 1
Candice Bergen

Dave
    $200 14
Pavlov

Dave
    $400 24
the Incas

Raisa
    $400 10
the New York Public Library

Raisa
    $400 5
Greece

Raisa
    $400 22
Reeboks

Tyler
    $400 3
(Raisa: Who is Zsa Zsa Gabor?)
---
(Alex: Raisa, you picked the wrong member of the family. It's her sister, [*].)

Eva Gabor

Raisa
Triple Stumper
    $400 15
a lie detector

Raisa
    $600 25
Hiawatha

Raisa
    $1,200 11
Alexandria

Raisa
    $600 6
the Russian Empire

Dave
    $600 27
(Dave: Who is Dior?)
---
(Alex: Who is [*]? He sold the trademark to his name, & gets about a million dollars a year royalties.)

Halston

Dave
Triple Stumper
    $600 19
(Dave: What is the Screen Actor's Guild?)
(Raisa: What is AFTRA?)

Actor's Equity

DaveRaisa
Triple Stumper
    $600 16
intelligence

Raisa
    $800 26
New York

Dave
    $800 12
The Music Man

Dave
    $800 7
(Tyler: What is the Jutland Sea?)

the North Sea

Tyler
Triple Stumper
    $800 28
Progresso

Dave
    $800 20
Diahann Carroll

Raisa
    $800 17
the id

Raisa
    $1000 13
(Dave: What is the Library of Congress?)

the Folger Library

DaveRaisa
    $1,300 8
Hungary

Dave
    $1000 29
Crane

Triple Stumper
    $1000 21
The Gary Moore Show

Dave
    $1000 18
sensory deprivation

Raisa

Scores at the end of the Double Jeopardy! Round:

Tyler Dave Raisa
$1,300 $5,600 $9,000

[wagering suggestions for these scores]

Final Jeopardy! Round responses

HISTORIC LAST LINES
(Alex: We go now to Raisa. Might have been a bit tougher for her, because she's from Canada.)
TylerWhat is Declaration of Independence?
$1,300
DaveWhat is the Declaration of Independence?
$5,600
RaisaWhat is the Declaration of Independence??
$2,300
the Declaration of Independence

Final scores:

Tyler Dave Raisa
$2,600 $11,200 $11,300
3rd place: Casablanca ceiling fan 2nd place: Broyhill bedroom set + Stiffel lamp New champion: $11,300

Game dynamics:

Coryat scores:

Tyler Dave Raisa
$1,300 $5,300 $8,800
11 R,
3 W
17 R
(including 1 DD),
5 W
21 R
(including 1 DD),
3 W
(including 1 DD)

Combined Coryat: $15,400

The J! Archive is created by fans, for fans. The Jeopardy! game show and all elements thereof, including but not limited to copyright and trademark thereto, are the property of Jeopardy Productions, Inc. and are protected under law. This website is not affiliated with, sponsored by, or operated by Jeopardy Productions, Inc. Join the discussion at JBoard.tv.